[Event "C.to Provinciale PC"]
[Site "Piacenza ITA"]
[Date "2003.01.05"]
[Round "3"]
[White "Tamellini, Stefano"]
[Black "Potenza, Gaetano"]
[Result "1-0"]
[WhiteElo "1600"]
[BlackElo "1552"]
[PlyCount "73"]
[EventDate "2003.01.04"]

1. e4 c6 2. d4 d5 3. exd5 cxd5 4. c4 e6 5. Nf3 Nf6 6. Nc3 Bb4 7. Bd2 Bxc3 8.
Bxc3 Nbd7 9. c5 a6 10. Bd3 Qc7 11. Qe2 O-O 12. O-O Re8 13. Ne5 Nxe5 14. Qxe5
Qxe5 15. dxe5 Nd7 16. Bd4 f6 17. f4 h6 18. h4 fxe5 19. fxe5 Nf8 20. h5 Bd7 21.
a4 Re7 22. b4 Be8 23. g4 g6 24. Be2 gxh5 25. gxh5 Rg7+ 26. Kh2 Nh7 27. Rg1 Ng5
28. b5 axb5 29. axb5 Rxa1 30. Rxa1 Rf7 31. Kg2 Rf4 32. Rd1 Re4 33. Rd2 Rh4 34.
c6 bxc6 35. b6 c5 36. b7 cxd4 37. b8=Q 1-0